| 000 | 00928cam a2200253 4500 | ||
|---|---|---|---|
| 001 | WB4001-16 | ||
| 008 | 031222n2003 000 0 eng u | ||
| 035 | _a(Sirsi) u124665 | ||
| 245 | _aOutlook improves for the Italian economy | ||
| 260 | _c2003 | ||
| 490 |
_aRICS European Alert _vDecember 2003, 6(1) |
||
| 520 | _aRICS' economists have published a concise overview of the Italian economy. Covers economic performance, exports, manufacturing, the service sector, consumer price inflation and the housing market. The outlook is available at http://www.rics.org/ricscms/bin/show?class=Brief&template=/includes/showbrief.html&id=558. | ||
| 590 | _aWB | ||
| 650 | _aMANUFACTURING | ||
| 650 | _aSERVICE SECTOR | ||
| 650 | _aITALY | ||
| 650 | _aEXPORTS | ||
| 650 | _aECONOMY | ||
| 650 |
_aRESIDENTIAL PROPERTY _96266 |
||
| 650 | _aHOUSING | ||
| 650 | _aCONSUMER PRICE INFLATION | ||
| 690 | _aEUROPE | ||
| 942 | _n0 | ||
| 999 |
_c73985 _d73985 |
||